| 000 | 00358nam a2200121 4500 | ||
|---|---|---|---|
| 999 |
_c13079 _d13079 |
||
| 008 | 190207b ||||| |||| 00| 0 eng d | ||
| 100 |
_936741 _aRiñoza, Jojo |
||
| 245 |
_aFish species can fight dengue mosquitoes- expert/ _cJojo Riñoza |
||
| 260 |
_aPhilippines _bManila Bulletin _cc2018 |
||
| 300 | _apage 7. | ||
| 650 | 0 |
_936742 _aVaccine. |
|
| 942 |
_2ddc _cPER |
||